[Event "IECC M email"]
[Site "IECC email"]
[Date "1999.08.28"]
[Round "?"]
[White "Redwine, Nick"]
[Black "Taylor, Michael W"]
[Result "0-1"]
[WhiteElo "1450"]
[BlackElo "1450"]
[PlyCount "26"]
[EventDate "1999.??.??"]
[EventType "tourn (corr)"]
[EventRounds "6"]
[SourceTitle "Corr 2008"]
[Source "ChessBase"]
[SourceDate "2008.06.24"]
[SourceVersion "1"]
[SourceVersionDate "2008.06.24"]
[SourceQuality "1"]

1. e4 c6 2. d4 d5 3. Nc3 dxe4 4. Nxe4 Nf6 5. Bd3 Nbd7 6. Nf3 g6 7. 0-0 Bg7 8. Be3 Nd5 9. Nfg5 N7f6 10. Qf3 h6 11. c4 hxg5 12. cxd5 g4 13. Ng5 gxf3 0-1